书目信息 |
| 题名: |
清洁生产与循环经济
|
|
| 作者: | 奚旦立 , 徐淑红 , 高春梅 主编 | |
| 分册: | ||
| 出版信息: | 北京 化学工业出版社 2019.2 |
|
| 页数: | 262页 | |
| 开本: | 26cm | |
| 丛书名: | ||
| 单 册: | ||
| 中图分类: | X383 , F062.1 | |
| 科图分类: | ||
| 主题词: | 无污染工艺--高等教育--教材 , 自然资源--资源经济学--高等教育--教材 , 无污染工艺 , 自然资源 , 资源经济学 | |
| 电子资源: | ||
| ISBN: | 978-7-122-18584-6 | |
| 000 | 01187nam0 2200337 45 | |
| 001 | 012001002986 | |
| 005 | 20211020091847.64 | |
| 010 | @a978-7-122-18584-6@dCNY39.00 | |
| 100 | @a20140425d2014 em y0chiy50 ea | |
| 101 | 0 | @achi |
| 102 | @aCN@b110000 | |
| 105 | @aa z 000yy | |
| 106 | @ar | |
| 200 | 1 | @a清洁生产与循环经济@Aqing jie sheng chan yu xun huan jing ji@b专著@f奚旦立,徐淑红,高春梅主编 |
| 205 | @a2版 | |
| 210 | @a北京@c化学工业出版社@d2019.2 | |
| 215 | @a262页@c图@d26cm | |
| 300 | @a普通高等教育“十一五”国家级规划教材 环境工程系列教材 | |
| 330 | @a本共分为8章,分别为绪论;资源、能源的合理利用;碳足迹-水足迹-环境足迹;清洁生产;清洁生产审核和能源审计;循环经济;生态园区和清洁生产审核及能源审计案例。 | |
| 606 | 0 | @a无污染工艺@x高等教育@j教材 |
| 606 | 0 | @a自然资源@x资源经济学@x高等教育@j教材 |
| 606 | 0 | @a无污染工艺 |
| 606 | 0 | @a自然资源 |
| 606 | 0 | @a资源经济学 |
| 690 | @aX383@v5 | |
| 690 | @aF062.1@v5 | |
| 701 | 0 | @a奚旦立@Axi dan li@f(1939 )@4主编 |
| 701 | 0 | @a徐淑红@Axu shu hong@c(女,@f1971 )@4主编 |
| 701 | 0 | @a高春梅@Agao chun mei@c(女,@f1976 )@4主编 |
| 801 | 2 | @aCN@bBJSDL@c20211018 |
| 905 | @b1351071-3@dX383@e304=2@f3 | |
| 清洁生产与循环经济/奚旦立,徐淑红,高春梅主编.-2版.-北京:化学工业出版社,2019.2 |
| 262页:图;26cm |
| 普通高等教育“十一五”国家级规划教材 环境工程系列教材 |
| ISBN 978-7-122-18584-6:CNY39.00 |
| 本共分为8章,分别为绪论;资源、能源的合理利用;碳足迹-水足迹-环境足迹;清洁生产;清洁生产审核和能源审计;循环经济;生态园区和清洁生产审核及能源审计案例。 |
| ● |
| 相关链接 |
|
|
|
|
正题名:清洁生产与循环经济
索取号:X383/304=2
 
预约/预借
| 序号 | 登录号 | 条形码 | 馆藏地/架位号 | 状态 | 备注 |
| 1 | 1351071 | 213510716 | 第二样本阅览室/ [索取号:X383/304=2] | 在馆 | |
| 2 | 1351072 | 213510725 | 第三借阅区/ [索取号:X383/304=2] | 在馆 | |
| 3 | 1351073 | 213510734 | 第三借阅区/ [索取号:X383/304=2] | 在馆 |